Ampliación del sistema de agua potable en el Barrio Sor María Romero Municipio de Matagalpa
Presenta un estudio de diseño del sistema de abastecimiento de agua potable para el barrio Sor María Romero sector no. 3, del casco urbano del municipio de Matagalpa. También el proyecto tiene una caracterización socioeconómica, y topográficas del barrio, de igual manera se determinó la viabi...
| Main Author: | |
|---|---|
| Other Authors: | |
| Format: | Tesis Section = Libro |
| Language: | Undetermined Spanish |
| Published: |
Managua
UNI/RUACS
2016
|
| Subjects: |
| LEADER | 01225nam a2200277Ia 4500 | ||
|---|---|---|---|
| 008 | 240830s9999 xx 000 0 und d | ||
| 040 | |a BIBLIOTECA-RUPAP Mon 628.1 Z49 | ||
| 041 | |a spa | ||
| 082 | |a Mon 628.1 Z49 | ||
| 100 | 1 | |a Zeledón Gonzales, Julio Cesar | |
| 245 | 1 | 0 | |a Ampliación del sistema de agua potable en el Barrio Sor María Romero Municipio de Matagalpa |
| 260 | |a Managua |b UNI/RUACS |c 2016 | ||
| 300 | |a 127 p. :il. | ||
| 500 | |a Contiene: anexos y CD. | ||
| 502 | |a Tesis (Ingeniero Civil)- UNI, 2016. | ||
| 520 | 3 | |a Presenta un estudio de diseño del sistema de abastecimiento de agua potable para el barrio Sor María Romero sector no. 3, del casco urbano del municipio de Matagalpa. También el proyecto tiene una caracterización socioeconómica, y topográficas del barrio, de igual manera se determinó la viabilidad del punto de acoplamiento de la red existente. | |
| 650 | 7 | |a SISTEMAS DE AGUA POTABLE | |
| 650 | 7 | |b ABASTECIMIENTO DE AGUA-ASPECTOS ECONOMICOS | |
| 650 | 7 | |c CALIDAD DEL AGUA | |
| 650 | 7 | |d CONSUMO DE AGUA | |
| 650 | 7 | |e ACANTARILLADO-DISEÑO | |
| 650 | 7 | |f TUBERIAS | |
| 700 | 1 | |a Tutor: |b Aranda Salmerón, Lino Antonio | |
| 942 | |c BK |2 ddc | ||
| 991 | |a TESIS | ||
| 999 | |c 16245 | ||